| Tag |
First Indicator |
Second Indicator |
Subfields |
| LEADER |
00000cam a22000005i 4500 |
| 001 |
in00003725607 |
| 005 |
20210728125517.0 |
| 006 |
m o d |
| 007 |
cr nn 008mamaa |
| 008 |
151123s2010 xxk| o |||| 0|eng d |
| 020 |
|
|
|a 9780230274648
|9 978-0-230-27464-8
|
| 024 |
7 |
|
|a 10.1057/9780230274648
|2 doi
|
| 035 |
|
|
|a (DE-He213)978-0-230-27464-8
|
| 035 |
|
|
|a 5305972
|
| 040 |
|
|
|d UtOrBLW
|
| 043 |
|
|
|a e------
|
| 072 |
|
7 |
|a HBJD
|2 bicssc
|
| 072 |
|
7 |
|a HIS010000
|2 bisacsh
|
| 082 |
0 |
4 |
|a 940
|2 23
|
| 090 |
|
|
|a DP247
|b .T443 2010
|
| 245 |
0 |
4 |
|a The Agony of Spanish Liberalism :
|b From Revolution to Dictatorship 1913-23 /
|c edited by Francisco J. Romero Salvadó, Angel Smith.
|
| 264 |
|
1 |
|a London :
|b Palgrave Macmillan UK :
|b Imprint: Palgrave Macmillan,
|c 2010.
|
| 300 |
|
|
|a 1 online resource (VIII, 281 pages)
|
| 336 |
|
|
|a text
|b txt
|2 rdacontent
|
| 337 |
|
|
|a computer
|b c
|2 rdamedia
|
| 338 |
|
|
|a online resource
|b cr
|2 rdacarrier
|
| 347 |
|
|
|a text file
|b PDF
|2 rda
|
| 500 |
|
|
|a Electronic resource.
|
| 520 |
|
|
|a It was during the period 1913-1923 that the seeds of political polarization and social violence culminating in the Spanish Civil War were sown. This volume explores the causes of the growing schism within Spanish society, focusing on the crisis of the Spanish liberal order, under challenge from newly mobilized forces on both the Right and Left.
|
| 650 |
1 |
4 |
|a History.
|
| 650 |
2 |
4 |
|a European History.
|
| 650 |
2 |
4 |
|a History of Military.
|
| 650 |
2 |
4 |
|a Modern History.
|
| 650 |
2 |
4 |
|a Political History.
|
| 650 |
2 |
4 |
|a Political Theory.
|
| 650 |
|
0 |
|a History, Modern.
|0 http://id.loc.gov/authorities/subjects/sh85061236
|
| 650 |
|
0 |
|a History.
|0 http://id.loc.gov/authorities/subjects/sh85061212
|
| 650 |
|
0 |
|a Military history.
|0 http://id.loc.gov/authorities/subjects/sh85085207
|
| 650 |
|
0 |
|a Political science.
|0 http://id.loc.gov/authorities/subjects/sh85104440
|
| 650 |
|
0 |
|a World politics.
|0 http://id.loc.gov/authorities/subjects/sh85148216
|
| 651 |
|
0 |
|a Europe
|x History.
|0 http://id.loc.gov/authorities/subjects/sh85045687
|
| 655 |
|
7 |
|a Electronic books.
|2 local
|
| 700 |
1 |
|
|a Salvadó, Francisco J. Romero,
|e editor.
|
| 700 |
1 |
|
|a Smith, Angel,
|e editor.
|
| 710 |
2 |
|
|a SpringerLink (Online service)
|0 http://id.loc.gov/authorities/names/no2005046756
|
| 773 |
0 |
|
|t Springer eBooks
|
| 776 |
1 |
8 |
|i Printed edition:
|z 9781349363834
|
| 856 |
4 |
0 |
|u http://proxy.library.tamu.edu/login?url=https://dx.doi.org/10.1057/9780230274648
|z Connect to the full text of this electronic book
|t 0
|
| 999 |
f |
f |
|s dcddbcb3-fcc9-302e-ace7-d19254fbf0ae
|i a7d36db0-82d5-3484-914e-0f72292c9ed4
|t 0
|
| 952 |
f |
f |
|a Texas A&M University
|b College Station
|c Electronic Resources
|d Available Online
|t 0
|e DP247 .T443 2010
|h Library of Congress classification
|
| 998 |
f |
f |
|a DP247 .T443 2010
|t 0
|l Available Online
|